000 00885nam a2200205Ia 4500
001 17324
003 GE_BSU
008 181216s||||||||xx |||||||||||||| ||und||
040 _cGE_BSU
080 _a811.353.1'373+81'374(038)=353.1
100 _aორბელიანი,სულხან-საბა
245 _aთხზულებანი ოთხ ტომად.ტ.IV.1.
245 _cავტოგრაფული ნუსხების მიხედვით გამოსაცემად მოამზადა ილია აბულაძემ; მხატვ.ვლ.ქუთათელაძე.
260 _aთბილისი
260 _bსაბჭ.საქართველო
260 _c1965
300 _a638გვ;22სმ.
653 _aთხზულებანი ოთხ ტომად.ტ.IV.1.
942 _cBK
999 _c50383
_d50383